蒙福的生命 : 航向水深之處 Meng fu de sheng ming = The life God blesses : weathering the storms of life that threaten the soul {ch} / (Record no. 38511)
[ view plain ]
| 000 -LEADER | |
|---|---|
| fixed length control field | 00753nam a22002057a 4500 |
| 005 - DATE AND TIME OF LATEST TRANSACTION | |
| control field | 20150826184416.0 |
| 008 - FIXED-LENGTH DATA ELEMENTS--GENERAL INFORMATION | |
| fixed length control field | 150630s1998 -hk||||| |||| 00| 0 chi d |
| 020 ## - INTERNATIONAL STANDARD BOOK NUMBER | |
| International Standard Book Number | 9622083420 |
| 020 ## - INTERNATIONAL STANDARD BOOK NUMBER | |
| International Standard Book Number | 9789622083424 |
| 100 1# - MAIN ENTRY--PERSONAL NAME | |
| Personal name | 戈登‧麥哥登 |
| Fuller form of name | (Gordon, MacDonald) |
| 245 1# - TITLE STATEMENT | |
| Title | 蒙福的生命 : 航向水深之處 Meng fu de sheng ming = The life God blesses : weathering the storms of life that threaten the soul {ch} / |
| Statement of responsibility, etc | 戈登‧麥哥登 (MacDonald, Gordon) |
| 250 ## - EDITION STATEMENT | |
| Edition statement | 初版 |
| 260 ## - PUBLICATION, DISTRIBUTION, ETC. (IMPRINT) | |
| Place of publication, distribution, etc | 香港 : |
| Name of publisher, distributor, etc | 天道書樓, |
| Date of publication, distribution, etc | 1998 |
| 300 ## - PHYSICAL DESCRIPTION | |
| Extent | 186 p. ; |
| Dimensions | 21 cm. |
| 490 ## - SERIES STATEMENT | |
| Series statement | 信徒生活叢書Xin tu sheng huo cong shu. |
| 500 ## - GENERAL NOTE | |
| General note | 譯自 : The Life God Blesses |
| 650 ## - SUBJECT ADDED ENTRY--TOPICAL TERM | |
| Topical term or geographic name as entry element | Christian life {ch}. |
| 700 1# - ADDED ENTRY--PERSONAL NAME | |
| Personal name | 李少貞 |
| Relator term | 譯 |
| 942 ## - ADDED ENTRY ELEMENTS (KOHA) | |
| Source of classification or shelving scheme | Library of Congress Classification |
| Item type | Books |
| Withdrawn status | Lost status | Source of classification or shelving scheme | Damaged status | Not for loan | Home library | Current library | Shelving location | Date acquired | Source of acquisition | Accession number | Total Checkouts | Full call number | Barcode | Date last seen | Price effective from | Koha item type |
|---|---|---|---|---|---|---|---|---|---|---|---|---|---|---|---|---|
| Library of Congress Classification | BSOP Library | BSOP Library | Chinese Books (General Circulation) | 06/30/2015 | gift : Brother Daniel | C-13248 | BV4501.2 M14 1998 | 00045815 | 06/30/2015 | 06/30/2015 | Books |
